Rick and Morty: Countdown Quiz Stats

 Plays Quiz not verified by Sporcle

Challenge
Share
Tweet
Score 0/55 Timer 10:00
1 Play Today
% Correct
A Rickle In Time
95.8%
Something Ricked This Way Comes
92.6%
Total Rickall
91.4%
Rixty Minutes
90.4%
Rick Potion #9
87.6%
Anatomy Park
87.5%
Pencilvester
87.4%
Raising Gazorpazorp
86.7%
Autoerotic Assimilation
85.5%
Sleepy Gary
84.8%
Reverse Giraffe
82.3%
Photography Raptor
82.1%
Bird Person
81.3%
Dimension 35-C
81.1%
Amish Cyborg
80.5%
Baby Wizard
80.4%
Tinkles
79.6%
Mr. Beauregard
79.3%
Uncle Steve
78.4%
Squanchy
77.7%
Pilot
75.9%
Lawnmower Dog
75.7%
Beth Smith
75.3%
Unity
74.2%
Ball Fondlers
74%
Dwarf Terrace 9
73.9%
How Did I Get Here?
73.8%
Krombopulos Michael
73.7%
% Correct
Citadel of Ricks
73.3%
Planet Squanch
73.2%
Promethean Nebula
72.9%
Interdimensional Portal Gun
71.6%
Microverse Battery
69.7%
Snuffles
67.1%
Jessica
67%
Grappling Shoes
65.9%
Scroopy Noopers
65.7%
Personal Space
65.2%
Abradolf Lincler
65.1%
Pluto
64.9%
Davin
64.8%
Gazorpazorp
64.7%
Gazorpazorpfield
64.2%
Morty Smith
63.7%
Revolio Clockberg, Jr.
63.2%
Jerry Smith
62.8%
Cognition Amplifier
62.6%
Rick Sanchez
62.1%
Brad
52.4%
Summer Smith
49.4%
Blim Blam
48.9%
Tom
44.4%
Mr. Goldenfold
36.6%
Toby Matthews
32.1%
Kevin
19.8%

You're not logged in!

Compare scores with friends on all Sporcle quizzes.
Join for Free
OR
Log In

You Might Also Like...

Show Comments

Extras

Top Quizzes Today


Score Distribution

Your Account Isn't Verified!

In order to create a playlist on Sporcle, you need to verify the email address you used during registration. Go to your Sporcle Settings to finish the process.

Report this User

Report this user for behavior that violates our Community Guidelines.

Details: